Pathological basis of orthopaedic and rheumatic desease (Record no. 53188)

MARC details
000 -LEADER
fixed length control field 00538nam a2200145 a 4500
008 - FIXED-LENGTH DATA ELEMENTS--GENERAL INFORMATION
fixed length control field 120416s0000 ||||||||||||||||| || u
020 ## - INTERNATIONAL STANDARD BOOK NUMBER
International Standard Book Number 0340763825
050 ## - LIBRARY OF CONGRESS CALL NUMBER
Classification number RD 734 Ath
100 ## - MAIN ENTRY--PERSONAL NAME
Personal name Athanasou, Nicholas A
245 10 - TITLE STATEMENT
Title Pathological basis of orthopaedic and rheumatic desease
260 ## - PUBLICATION, DISTRIBUTION, ETC.
Place of publication, distribution, etc. London
Name of publisher, distributor, etc. Arnold
Date of publication, distribution, etc. 2001
300 ## - PHYSICAL DESCRIPTION
Extent vi, 385p. : ill.
350 ## - PRICE (NR) (BK AM CF MU VM SE) [OBSOLETE]
Price 0.00
995 ## - RECOMMENDATION 995 [LOCAL, UNIMARC FRANCE]
-- 0.00
-- CBU-MAIN LIBRARY (Kitwe)
-- 1
-- 37.50
-- 1
-- AVAILABLE
-- Apr 20, 2007
-- Main Library Open Access Collection
Holdings
Withdrawn status Lost status Source of classification or shelving scheme Damaged status Not for loan Home library Current library Shelving location Date acquired Total Checkouts Full call number Barcode Date last seen Price effective from Koha item type
          CBU-MAIN LIBRARY, KITWE. CBU-MAIN LIBRARY, KITWE.   11/30/2022   RD 734 Ath 40490 11/30/2022 11/30/2022 MONOGRAPH